| 000 | 00646nam a2200205 a 4500 | ||
|---|---|---|---|
| 001 | 000018995 | ||
| 005 | 20200929165911.0 | ||
| 008 | 100521s1988 cu 000 f spa d | ||
| 040 |
_aDO-SdBNP _bspa _cBNPHU |
||
| 082 |
_a813.4 _bC455g |
||
| 100 | 1 |
_aChandler, Raymond, _d1888-1959 _911551 |
|
| 245 | 1 | 0 |
_aGas de nevada / _cRaymond Chandler. |
| 260 |
_aLa Habana : _bArte y Literatura, _c1988. |
||
| 300 |
_a524 p. ; _c19 cm. |
||
| 490 | 1 | _aDragón | |
| 500 | _aIncluye referencias bibliográficas y notas al pie de las páginas. | ||
| 650 | 4 |
_aNovela estadounidense _9262 |
|
| 650 | 4 |
_aLiteratura estadounidense _9263 |
|
| 830 | 0 |
_aDragón _923032 |
|
| 999 |
_c18513 _d18513 |
||